[Event "Landsturneringen 2017"]
[Site "Clarion Energy Hotel, Stavanger"]
[Date "2017.07.08"]
[Round "9"]
[White "Moen, Andreas G.R."]
[Black "Tryggestad, Andreas G"]
[Result "1-0"]
[WhiteElo "2330"]
[BlackElo "2314"]
[PlyCount "0"]

1. e4 {[%clk 1:28:43]} c5 {[%clk 1:23:37]} 2. Nf3 {[%clk 1:28:01]} e6
{[%clk 1:23:59]} 3. d4 {[%clk 1:28:23]} cxd4 {[%clk 1:24:25]} 4. Nxd4
{[%clk 1:28:45]} Nc6 {[%clk 1:24:50]} 5. Nc3 {[%clk 1:28:52]} Qc7
{[%clk 1:25:10]} 6. Be2 {[%clk 1:27:35]} Nf6 {[%clk 1:25:33]} 7. Ndb5
{[%clk 1:25:33]} Qb8 {[%clk 1:24:33]} 8. f4 {[%clk 1:24:50]} a6 {[%clk 1:24:04]}
9. e5 axb5 {[%clk 1:24:20]} 10. exf6 {[%clk 1:20:56]} b4 {[%clk 1:22:06]} 11.
fxg7 {[%clk 1:21:18]} Bxg7 {[%clk 1:22:30]} 12. Nb5 {[%clk 1:21:43]} d5
{[%clk 1:22:41]} 13. O-O {[%clk 1:22:01]} f5 {[%clk 1:11:36]} 14. Be3
{[%clk 1:13:00]} d4 {[%clk 1:09:11]} 15. Bh5+ {[%clk 1:09:34]} Ke7
{[%clk 1:09:32]} 16. Nxd4 {[%clk 1:09:52]} Nxd4 {[%clk 1:09:54]} 17. Bxd4
{[%clk 1:09:46]} Bxd4+ {[%clk 1:10:16]} 18. Qxd4 {[%clk 1:10:10]} Qa7
{[%clk 1:10:41]} 19. Rfd1 {[%clk 1:05:09]} Rd8 {[%clk 1:08:23]} 20. Qxa7
{[%clk 1:04:01]} Rxa7 {[%clk 1:08:28]} 21. Rxd8 {[%clk 0:59:20]} Kxd8
{[%clk 1:08:45]} 22. Be2 {[%clk 0:51:08]} Bd7 {[%clk 1:09:00]} 23. Bc4
{[%clk 0:51:31]} Ke7 {[%clk 1:05:43]} 24. Rd1 {[%clk 0:49:37]} Ra8
{[%clk 1:04:45]} 25. Kf2 {[%clk 0:43:31]} Bc6 {[%clk 1:05:01]} 26. Rd4
{[%clk 0:42:06]} Ba4 {[%clk 1:01:21]} 27. Bb3 {[%clk 0:37:14]} Bxb3
{[%clk 1:00:51]} 28. axb3 {[%clk 0:37:39]} Ra2 {[%clk 1:00:52]} 29. Rxb4
{[%clk 0:38:04]} Rxb2 {[%clk 1:01:17]} 30. Rxb7+ {[%clk 0:38:19]} Kd6
{[%clk 1:01:42]} 31. Rxh7 {[%clk 0:34:26]} Rxc2+ {[%clk 1:02:08]} 32. Kg3
{[%clk 0:34:41]} Rc3+ {[%clk 1:02:29]} 33. Kh4 {[%clk 0:35:05]} Rxb3
{[%clk 1:02:52]} 34. Kg5 {[%clk 0:34:32]} Rb8 {[%clk 0:58:20]} 35. Kf6
{[%clk 0:32:11]} Rf8+ {[%clk 0:55:53]} 36. Kg7 {[%clk 0:28:28]} Ra8
{[%clk 0:54:57]} 37. Rh8 {[%clk 0:20:44]} Ra2 {[%clk 0:53:30]} 38. Kf6
{[%clk 0:21:09]} Rxg2 {[%clk 0:53:33]} 39. Rd8+ {[%clk 0:21:35]} Kc7
{[%clk 0:53:41]} 40. Rd4 {[%clk 0:22:02]} Rxh2 {[%clk 0:51:58]} 41. Kxe6
{[%clk 0:21:55]} Rh5 {[%clk 0:48:20]} 42. Kf6 {[%clk 0:22:09]} Kc6
{[%clk 0:46:09]} 43. Kg6 {[%clk 0:22:34]} Rh8 {[%clk 0:45:29]} 44. Kxf5
{[%clk 0:22:48]} Kc5 {[%clk 0:44:40]} 45. Rd7 {[%clk 0:21:03]} Kc6
{[%clk 0:42:07]} 46. Rf7 {[%clk 0:19:36]} Kd6 {[%clk 0:42:19]} 47. Kf6
{[%clk 0:19:56]} Rh6+ {[%clk 0:40:41]} 48. Kg5 {[%clk 0:19:01]} Rh8
{[%clk 0:34:19]} 49. f5 {[%clk 0:19:03]} Re8 {[%clk 0:27:00]} 50. Kf6
{[%clk 0:17:03]} Rg8 {[%clk 0:27:06]} 51. Ra7 {[%clk 0:15:52]} Rg4
{[%clk 0:24:52]} 52. Re7 {[%clk 0:13:58]} Rh4 {[%clk 0:24:00]} 53. Re1
{[%clk 0:14:17]} Kd7 {[%clk 0:24:08]} 54. Kf7 {[%clk 0:13:33]} Kd6
{[%clk 0:21:51]} 55. f6 {[%clk 0:13:46]} Kd5
1-0

[Event "Landsturneringen 2017"]
[Site "Clarion Energy Hotel, Stavanger"]
[Date "2017.07.08"]
[Round "9"]
[White "Aulin-Jansson, Jøran"]
[Black "Risting, Eivind Olav"]
[Result "0-1"]
[WhiteElo "2267"]
[BlackElo "2295"]
[PlyCount "0"]

1. d4 {[%clk 1:30:56]} Nf6 {[%clk 1:24:54]} 2. Nf3 {[%clk 1:31:17]} c5
{[%clk 1:25:08]} 3. d5 {[%clk 1:29:41]} b5 {[%clk 1:25:28]} 4. c4
{[%clk 1:24:45]} g6 {[%clk 1:25:16]} 5. b3 {[%clk 1:22:02]} Bg7 {[%clk 1:23:25]}
6. Bb2 {[%clk 1:15:43]} O-O {[%clk 1:20:53]} 7. Qc2 {[%clk 1:14:06]} bxc4
{[%clk 1:17:53]} 8. bxc4 {[%clk 1:14:29]} d6 {[%clk 1:08:25]} 9. e4
{[%clk 1:07:47]} Na6 {[%clk 1:02:10]} 10. a3 {[%clk 1:04:57]} Rb8
{[%clk 1:01:05]} 11. Bc3 {[%clk 0:41:44]} Nxe4 {[%clk 0:59:10]} 12. Qxe4
{[%clk 0:41:12]} Rxb1+ {[%clk 0:54:52]} 13. Qxb1 {[%clk 0:41:32]} Bxc3+
{[%clk 0:55:16]} 14. Nd2 {[%clk 0:41:57]} Bf5 {[%clk 0:53:53]} 15. Qc1
{[%clk 0:42:18]} Bxa1 {[%clk 0:53:33]} 16. Qxa1 {[%clk 0:42:43]} Qa5
{[%clk 0:53:22]} 17. Qc1 {[%clk 0:39:32]} Rb8 {[%clk 0:52:49]} 18. Ke2
{[%clk 0:39:54]} Qb6 {[%clk 0:50:17]} 19. f3 {[%clk 0:33:52]} Qb2
{[%clk 0:48:48]} 20. Kd1 {[%clk 0:34:20]} Qd4 {[%clk 0:46:10]} 21. g4
{[%clk 0:33:44]} Bd7 {[%clk 0:45:59]} 22. Ke1 {[%clk 0:28:23]} Rb2
{[%clk 0:45:37]} 23. Bd3 {[%clk 0:28:15]} Qe3+ {[%clk 0:43:18]} 24. Be2
{[%clk 0:25:41]} Qxa3 {[%clk 0:39:08]} 25. Ne4 {[%clk 0:23:50]} Nb4
{[%clk 0:37:17]} 26. h4 {[%clk 0:15:31]} Nc2+ {[%clk 0:35:39]}
0-1